Marketing: las ideas, el conocimiento y la acción
Guardat en:
| Autor principal: | |
|---|---|
| Format: | Llibre |
| Idioma: | espanyol |
| Publicat: |
Ciudad de México
Pearson Educación de México
2008
|
| Edició: | 1a. ed |
| Matèries: | |
| Etiquetes: |
Afegir etiqueta
Sense etiquetes, Sigues el primer a etiquetar aquest registre!
|
MARC
| LEADER | 00000cam a2200000 a 4500 | ||
|---|---|---|---|
| 001 | UCF0513 | ||
| 003 | CL-VaPUC | ||
| 008 | 120531e20080000MX |||||||||||||||||spa|d | ||
| 020 | |a 9789702615613 | ||
| 082 | 0 | 4 | |a 658.8 |b BIL |2 21 |
| 100 | 0 | |a Bilancio, Guillermo |e author |9 562271 | |
| 245 | 1 | 0 | |a Marketing: las ideas, el conocimiento y la acción |
| 250 | |a 1a. ed | ||
| 300 | |a 267 p | ||
| 942 | |c BK | ||
| 945 | |d 20120531 00:00:00 |a cmena | ||
| 260 | |a Ciudad de México |b Pearson Educación de México |c 2008 | ||
| 650 | 0 | |a Marketing |9 259324 | |
| 650 | 0 | |a Planificación estratégica |9 259735 | |
| 650 | 7 | |a MARCA COMERCIAL |2 CL-VaPUC |9 562272 | |
| 650 | 0 | |a Competitividad |9 308495 | |
| 650 | 0 | |a Investigación de mercado |9 332310 | |
| 583 | |a last modification |c 20141114 05:33:39 |k Rodrigo Vera | ||
| 999 | |c 347770 |d 347768 | ||
| 952 | |0 0 |1 0 |4 0 |6 658_800000000000000_BIL_2008 |7 0 |8 A |9 449382 |a BIBENE |b BIBENE |d 2019-11-22 |i 4859863 |l 1 |o 658.8 BIL 2008 |p 4859863 |r 2025-04-07 |s 2025-03-25 |w 2019-11-22 |y BK |k ICO | ||